Faculty of Law Library — Cairo University

Official Online Catalog

The Principles Of Psychology / (Record no. 72956)

MARC details
000 -LEADER
fixed length control field 00975nam a2200313 i 4500
003 - CONTROL NUMBER IDENTIFIER
control field EG-GICUC
005 - DATE AND TIME OF LATEST TRANSACTION
control field 20260423092943.0
008 - FIXED-LENGTH DATA ELEMENTS--GENERAL INFORMATION
fixed length control field 260423s1888 en aaaofr|||| 00| 0 eng d
040 ## - CATALOGING SOURCE
Original cataloging agency EG-GiCUC
Language of cataloging eng
Transcribing agency EG-GiCUC
Modifying agency EG-GiCUC
Description conventions rda
041 ## - LANGUAGE CODE
Language code of text/sound track or separate title eng
082 04 - DEWEY DECIMAL CLASSIFICATION NUMBER
Edition number 21
Classification number 343.82
Item number JA . P
092 04 - LOCALLY ASSIGNED DEWEY CALL NUMBER (OCLC)
Edition number 21
099 ## - LOCAL FREE-TEXT CALL NUMBER (OCLC)
Classification number Law1 10 343.82 JA . P 1888
100 1# - MAIN ENTRY--PERSONAL NAME
Personal name James, William
Relator term Author.
245 14 - TITLE STATEMENT
Title The Principles Of Psychology /
Statement of responsibility, etc. By William James.
Number of part/section of a work Vol. 1
264 ## - PRODUCTION, PUBLICATION, DISTRIBUTION, MANUFACTURE, AND COPYRIGHT NOTICE
Place of production, publication, distribution, manufacture London :
Name of producer, publisher, distributor, manufacturer Macmillan And Co., Ltd.
Date of production, publication, distribution, manufacture, or copyright notice 1888
300 ## - PHYSICAL DESCRIPTION
Extent 689 pages ;
Dimensions 24 cm
336 ## - CONTENT TYPE
Source rda content
Content type term text
337 ## - MEDIA TYPE
Source rda media
Media type term Computer
338 ## - CARRIER TYPE
Source rda carrier
Carrier type term Online Resource
504 ## - BIBLIOGRAPHY, ETC. NOTE
Bibliography, etc. note Includes bibliographical references.
546 ## - LANGUAGE NOTE
Language note Text in English and abstract in English
650 1# - SUBJECT ADDED ENTRY--TOPICAL TERM
Topical term or geographic name entry element Criminal law
Source of heading or term qrmak
650 1# - SUBJECT ADDED ENTRY--TOPICAL TERM
Topical term or geographic name entry element Psychology
651 1# - SUBJECT ADDED ENTRY--GEOGRAPHIC NAME
Source of heading or term qrmak
856 40 - ELECTRONIC LOCATION AND ACCESS
Uniform Resource Identifier <a href="https://fll.law.cu.edu.eg/fulltext/bks/B10-10804.pdf">https://fll.law.cu.edu.eg/fulltext/bks/B10-10804.pdf</a>
905 ## - Cataloger and Reviser Names
Cataloger Name: Farha Tarek
942 ## - ADDED ENTRY ELEMENTS (KOHA)
Source of classification or shelving scheme Dewey Decimal Classification
Koha item type Books
Edition 21
Suppress in OPAC No
Holdings
Withdrawn status Lost status Source of classification or shelving scheme Damaged status Not for loan Collection Home library Current library Date acquired Total checkouts Full call number Barcode Date last seen Copy number Price effective from Koha item type Materials specified (bound volume or other part)
    Dewey Decimal Classification   Not for loan القانون الجنائي جــــامعة القــاهرة مكتبة كلية الحقوق - المبنى الرئيسي 23.04.2026   Law1 10 343.82 JA . P 1888 1010804 C1 B10-10804 23.04.2026 1 23.04.2026 Books  
    Dewey Decimal Classification     القانون الجنائي جــــامعة القــاهرة مكتبة كلية الحقوق - المبنى الرئيسي 30.04.2026   Law1 10 343.82 JA . P 1888 1010944 V1, C2 B10-1010944 30.04.2026 2 30.04.2026 Books V1

© All rights reserved — Faculty of Law, Cairo University